000 00665nam a22002297a 4500
005 20170124110236.0
010 _a044767
020 _c00.00
035 _a044767
037 _bCen Lib/Ret
040 _aDPL
_bEN
082 _a749.22
_bJOE
100 _aJoel, David
_942097
245 _aThe adventure of british furniture :
_cby David Joel
_b1851-1951 /
260 _aLondon
_bErnest Benn Limited
_c1953
270 _aBouverie House Fleet Street
_bLondon
300 _a256p. :
_c28cm(Hb)
_bill.
500 _aIncludes index
650 _aFurniture
_942098
650 _aFurniture -- Great Britain
_942099
942 _2ddc
_cEN
_h749.22
_mJOE
999 _c134898
_d134898